000 01870nam a22003015i 4500
001 2880
003 FISKH
005 20240119153833.0
008 240116s2024 nyu 000 0 eng
010 _a 2024930848
020 _a9780198841067
_q(paperback)
020 _a9780099511878
020 _z9780192577801
_q(epub)
040 _aDLC
_beng
_erda
_cDLC
042 _apcc
050 _aPR4034.N7
082 _a823.7
100 1 _aAusten, Jane,
245 1 0 _aNorthanger Abbey /
_cJane Austen, Thomas Keymer.
260 _aLondon :
_bRandom House,
_c2008.
300 _a241 pages :
_c20 cm
490 0 _aOxford world's classics
520 _a"Northanger Abbey is a comedy about reading and misreading-reading books, reading the world-and about different kinds of peril, both imagined and real. It is Jane Austen's most self-conscious work in generic terms, grounded in a tradition of metafiction (novels about novels) that looks back two centuries to Cervantes, yet also in the flashiest, most fashionable new writing of Austen's day. It shows her experimenting creatively with form and technique, reworking inherited conventions of authorial commentary and story-telling while developing her signature style of free indirect discourse, where detached narrative comes to bear the impress of a character's voice and perspective. The celebrated fifth chapter of Northanger Abbey, in which Austen steps out of her narrative frame to make a bold, eloquent case for the power of novels, is a landmark of literary history, a key moment in the elevation of the genre from dismissive, even hostile, eighteenth-century assumptions on the road to its Victorian prestige"--
_cProvided by publisher.
650 _aBritish literature
_vJuvenile literature
650 _aRomance
_vFiction
906 _a0
_bibc
_corignew
_d2
_eepcn
_f20
_gy-gencatlg
942 _2ddc
_cBK
_n0
999 _c2880
_d2880